| 000 | 00678nam a2200193 a 4500 | ||
|---|---|---|---|
| 001 | 58018 | ||
| 005 | 20180714054443.0 | ||
| 008 | 140415s1990 mx 000 0 spa d | ||
| 020 | _a9681633814 | ||
| 041 | _aspa | ||
| 082 |
_a338.17361097 _bCRE |
||
| 245 | 0 | 0 | _aHISTORIA DEL AZUCAR EN MEXICO |
| 250 | _a1a ed. | ||
| 260 |
_aMEXICO : _bFONDO DE CULTURA ECONOMICA, _c1990 |
||
| 300 |
_a186 _c21.5 x 3.2 x 28.2 |
||
| 520 | _aSEGUNDO VOLUMEN DE LA HISTORIA DEL AZUCAR EN MEXICO | ||
| 650 | 1 | 4 |
_aINDUSTRIA AZUCARERA _xHISTORIA _xMEXICO _xAZUCAR _xMEXICO _xHISTORIA |
| 700 | 1 |
_aEMBRIZ, ARNULFO -CRESPO, HORACIO -REYES RETANA, SERGIO -VEGA VILLANUEVA, ENRIQUE _ecoaut. |
|
| 999 |
_c58018 _d58018 |
||